स्मरण शक्ति को सुधारना : (Record no. 121700)

MARC details
000 -LEADER
fixed length control field 01398nam a22002657a 4500
005 - DATE AND TIME OF LATEST TRANSACTION
control field 20170124103219.0
010 ## - LIBRARY OF CONGRESS CONTROL NUMBER
LC control number B-152721
020 ## - INTERNATIONAL STANDARD BOOK NUMBER
Terms of availability 150.00
035 ## - SYSTEM CONTROL NUMBER
System control number B-152721
037 ## - SOURCE OF ACQUISITION
Source of stock number/acquisition Cen Lib/Ret
040 ## - CATALOGING SOURCE
Original cataloging agency DPL
Language of cataloging HN
082 ## - DEWEY DECIMAL CLASSIFICATION NUMBER
Classification number 153.12
Item number ब्राइट
100 ## - MAIN ENTRY--PERSONAL NAME
Personal name ब्राइट, जे.एस.
9 (RLIN) 100355
245 ## - TITLE STATEMENT
Title स्मरण शक्ति को सुधारना :
Statement of responsibility, etc जे.एस.ब्राइट ; अनुवादक राम लखन मीणा
Remainder of title नवीनतम शोधों पर आधारित एक आधुनिक कृति /
246 ## - VARYING FORM OF TITLE
Title proper/short title Smaran shakti ko sudharna : naveentam shodhon par adharit ek adhunik kriti /
Remainder of title by J.S.Bright ; anuvadak Ram Lakhan Meena
260 ## - PUBLICATION, DISTRIBUTION, ETC. (IMPRINT)
Place of publication, distribution, etc राजस्थान
Name of publisher, distributor, etc सिद्धिविनायक प्रकाशन
Date of publication, distribution, etc 2004
270 ## - ADDRESS
City राजस्थान
Address सवाई माधोपुर
Postal code 322028
300 ## - PHYSICAL DESCRIPTION
Extent vi,108पृ.
Dimensions 20सेमी(सजिल्द)
650 ## - SUBJECT ADDED ENTRY--TOPICAL TERM
Topical term or geographic name as entry element मानसिक प्रक्रियाओं और खुफिया
9 (RLIN) 83883
650 ## - SUBJECT ADDED ENTRY--TOPICAL TERM
Topical term or geographic name as entry element वैज्ञानिक अध्य्यन
9 (RLIN) 100356
650 ## - SUBJECT ADDED ENTRY--TOPICAL TERM
Topical term or geographic name as entry element Mental processes and intelligence
9 (RLIN) 100357
650 ## - SUBJECT ADDED ENTRY--TOPICAL TERM
Topical term or geographic name as entry element Scientific studies
9 (RLIN) 100358
700 ## - ADDED ENTRY--PERSONAL NAME
Personal name मीणा, राम लखन
9 (RLIN) 45799
942 ## - ADDED ENTRY ELEMENTS (KOHA)
Source of classification or shelving scheme Dewey Decimal Classification
Koha item type Hindi Books
Classification part 153.12
Call number suffix ब्राइट
Holdings
Withdrawn status Lost status Damaged status Not for loan Home library Current library Date acquired Source of acquisition Cost, normal purchase price Total Checkouts Total Renewals Full call number Barcode Date last seen Date checked out Copy number Cost, replacement price Price effective from Koha item type
        Central Library Central Library 12/10/2015 Cen Lib/Ret 150.00 14 2 153.12 ब्राइट B-152721 13/12/2019 05/12/2019 1 150.00 12/10/2015 Hindi Books

© Delhi Public Library
Hit Counter
free hit counter